[Event "Steinfurt Bezirksklasse 1011"]
[Site "Germany"]
[Date "2011.01.15"]
[Round "5.3"]
[White "Krueler, Sascha"]
[Black "Koch, Hermann1111"]
[Result "1-0"]
[WhiteElo "1355"]
[BlackElo "1285"]
[PlyCount "103"]
[EventDate "2010.09.25"]
[EventType "team-tourn"]
[EventRounds "9"]
[EventCountry "GER"]
[SourceTitle "EXT 2012"]
[Source "ChessBase"]
[SourceDate "2011.11.24"]
[SourceVersion "1"]
[SourceVersionDate "2011.11.24"]
[SourceQuality "1"]
[WhiteTeam "Steinfurt IV"]
[BlackTeam "Westerkappeln II"]
[WhiteTeamCountry "GER"]
[BlackTeamCountry "GER"]

1. e4 c5 2. Nf3 d6 3. Bb5+ Nd7 4. c3 a6 5. Bxd7+ Bxd7 6. d4 cxd4 7. cxd4 Nf6 8. Nc3 e6 9. Bg5 Be7 10. 0-0 0-0 11. Qd2 b5 12. Qf4 Ne8 13. Bxe7 Qxe7 14. e5 d5 15. Qg4 f6 16. exf6 Nxf6 17. Qh4 Qd8 18. Rfe1 Qb6 19. Rac1 Rae8 20. Ne5 Bc8 21. Ne2 Bb7 22. Red1 Rd8 23. Rc5 Ne4 24. Rc2 Nxf2 25. Rf1 Ne4 26. Qe7 Rxf1+ 27. Kxf1 Rf8+ 28. Kg1 Nf6 29. Rc7 Ne8 30. Nd7 Qd6 31. Qxd6 Nxd6 32. Nxf8 Kxf8 33. Rd7 Nc4 34. Rxb7 Nxb2 35. Ra7 b4 36. Rxa6 Kf7 37. Nf4 Nc4 38. Rxe6 g5 39. Ra6 gxf4 40. Ra4 Ke6 41. Rxb4 Kf5 42. Rb5 Ke4 43. a4 Kxd4 44. a5 Nxa5 45. Rxa5 Ke4 46. Kf2 h5 47. Ke2 h4 48. Ra8 h3 49. gxh3 f3+ 50. Kf2 d4 51. Rd8 d3 52. h4 1-0

[Event "Steinfurt Bezirksklasse 0809"]
[Site "Germany"]
[Date "2008.09.13"]
[Round "1.5"]
[White "Trotnow, Peter"]
[Black "Krueler, Sascha"]
[Result "1-0"]
[WhiteElo "1523"]
[BlackElo "1428"]
[PlyCount "37"]
[EventDate "2008.09.13"]
[EventType "team-tourn"]
[EventRounds "7"]
[EventCountry "GER"]
[SourceTitle "EXT 2010"]
[Source "ChessBase"]
[SourceDate "2010.11.25"]
[SourceVersion "1"]
[SourceVersionDate "2010.11.25"]
[SourceQuality "1"]
[WhiteTeam "Reckenfeld II"]
[BlackTeam "Steinfurt IV"]
[WhiteTeamCountry "GER"]
[BlackTeamCountry "GER"]

1. e4 e5 2. Bc4 Nf6 3. d3 c6 4. Bg5 Bc5 5. Nf3 d6 6. h3 Qc7 7. 0-0 Be6 8. Nbd2 Bxc4 9. Nxc4 Nbd7 10. d4 exd4 11. Nxd4 0-0 12. Nf5 d5 13. e5 dxc4 14. exf6 Nxf6 15. Qf3 Qe5 16. Qf4 Rfe8 17. Bxf6 gxf6 18. Qg4+ Kf8 19. Qg7# 1-0

[Event "Steinfurt Bezirksklasse 0708"]
[Site "Germany"]
[Date "2008.04.05"]
[Round "7.6"]
[White "Roos, Philipp"]
[Black "Krueler, Sascha"]
[Result "1/2-1/2"]
[WhiteElo "1293"]
[BlackElo "1262"]
[PlyCount "46"]
[EventDate "2007.10.13"]
[EventType "team-tourn"]
[EventRounds "7"]
[EventCountry "GER"]
[SourceTitle "EXT 2009"]
[Source "ChessBase"]
[SourceDate "2008.11.26"]
[SourceVersion "1"]
[SourceVersionDate "2008.11.26"]
[SourceQuality "1"]
[WhiteTeam "Saerbeck III"]
[BlackTeam "Steinfurt IV"]
[WhiteTeamCountry "GER"]
[BlackTeamCountry "GER"]

1. d4 d5 2. c4 e6 3. Nc3 Nf6 4. Bg5 Be7 5. cxd5 Nxd5 6. Bxe7 Qxe7 7. Qc2 Nc6 8. e4 Nf6 9. Nf3 b6 10. Bb5 Bb7 11. Qa4 Qd6 12. e5 Qd7 13. exf6 gxf6 14. 0-0-0 a6 15. Bc4 b5 16. Bxb5 axb5 17. Qxb5 Na5 18. Qxd7+ Kxd7 19. d5 Ke7 20. Rhe1 Nc4 21. b3 Nb6 22. Kb2 Rad8 23. dxe6 Rxd1 1/2-1/2

[Event "Steinfurt Bezirksklasse 0708"]
[Site "Germany"]
[Date "2008.03.01"]
[Round "6.7"]
[White "Scheffer, Benedikt"]
[Black "Krueler, Sascha"]
[Result "1-0"]
[WhiteElo "1062"]
[BlackElo "1262"]
[PlyCount "108"]
[EventDate "2007.10.13"]
[EventType "team-tourn"]
[EventRounds "7"]
[EventCountry "GER"]
[SourceTitle "EXT 2009"]
[Source "ChessBase"]
[SourceDate "2008.11.26"]
[SourceVersion "1"]
[SourceVersionDate "2008.11.26"]
[SourceQuality "1"]
[WhiteTeam "Rheine SG II"]
[BlackTeam "Steinfurt IV"]
[WhiteTeamCountry "GER"]
[BlackTeamCountry "GER"]

1. Nf3 d5 2. d4 Nc6 3. Nc3 Bf5 4. Bf4 Nb4 5. Rc1 e6 6. g3 Bd6 7. Qd2 Nf6 8. a3 Nc6 9. Nb5 Ne4 10. Qe3 a6 11. Nxd6+ cxd6 12. Qb3 Rb8 13. Bg2 Qf6 14. Be3 0-0 15. 0-0 Bg4 16. Rfe1 Bxf3 17. Bxf3 Nxd4 18. Bxd4 Qxd4 19. e3 Nd2 20. exd4 Nxb3 21. cxb3 Rbc8 22. a4 Rc6 23. Rxc6 bxc6 24. Rc1 Rc8 25. Be2 a5 26. f4 g6 27. Bb5 c5 28. dxc5 dxc5 29. Kf2 Rc7 30. Kf3 f5 31. Re1 Kf7 32. Rc1 h5 33. b4 axb4 34. a5 c4 35. a6 c3 36. bxc3 bxc3 37. Ke3 Rc5 38. a7 Rc8 39. Bc6 Rd8 40. a8Q Rxa8 41. Bxa8 Kf6 42. Rxc3 e5 43. Rc6+ Ke7 44. Rxg6 d4+ 45. Kd3 Kf7 46. Rh6 exf4 47. gxf4 Kg7 48. Rxh5 Kg6 49. Rg5+ Kh6 50. Kxd4 Kh7 51. Ke5 Kh6 52. Kf6 Kh7 53. Rg6 Kh8 54. Kf7 Kh7 1-0

[Event "Steinfurt Bezirksklasse 0607"]
[Site "Germany"]
[Date "2007.01.27"]
[Round "4.5"]
[White "Sperling, Rainer"]
[Black "Krueler, Sascha"]
[Result "1-0"]
[WhiteElo "1538"]
[BlackElo "1324"]
[PlyCount "109"]
[EventDate "2006.09.30"]
[EventType "team-tourn"]
[EventRounds "7"]
[EventCountry "GER"]
[SourceTitle "EXT 2008"]
[Source "ChessBase"]
[SourceDate "2007.11.25"]
[SourceVersion "1"]
[SourceVersionDate "2007.11.25"]
[SourceQuality "1"]
[WhiteTeam "Reckenfeld II"]
[BlackTeam "Steinfurt IV"]
[WhiteTeamCountry "GER"]
[BlackTeamCountry "GER"]

1. e4 e5 2. Nf3 Nc6 3. Nc3 Nf6 4. Bb5 Nd4 5. Bc4 Nxe4 6. Bxf7+ Kxf7 7. Nxe4 d6 8. Nxd4 exd4 9. d3 Qe8 10. Qf3+ Kg8 11. 0-0 Be7 12. Bg5 Bd7 13. Bxe7 Qxe7 14. Rae1 Qf7 15. Ng5 Qxf3 16. Nxf3 Kf7 17. Nxd4 Rae8 18. f3 c5 19. Ne2 Re7 20. Nc1 Rhe8 21. Kf2 a5 22. Rxe7+ Rxe7 23. Re1 a4 24. Rxe7+ Kxe7 25. a3 b5 26. Ke3 Bc6 27. g3 Ke6 28. f4 Bg2 29. c3 d5 30. d4 c4 31. Ne2 Kf5 32. Ng1 h6 33. Nf3 Bxf3 34. Kxf3 g5 35. fxg5 hxg5 36. h3 Kg6 37. h4 gxh4 38. gxh4 Kh5 39. Kf4 Kxh4 40. Ke5 Kg5 41. Kxd5 Kf5 42. Kd6 Ke4 43. d5 Kd3 44. Kc5 Kc2 45. d6 Kxb2 46. d7 Kxc3 47. d8Q Kb3 48. Kxb5 c3 49. Qd1+ Kb2 50. Qd4 Kxa3 51. Qxc3+ Ka2 52. Kxa4 Kb1 53. Qd2 Ka1 54. Kb3 Kb1 55. Qb2# 1-0

[Event "Steinfurt Bezirksklasse 0405"]
[Site "Germany"]
[Date "2005.03.12"]
[Round "8.7"]
[White "Krueler, Sascha"]
[Black "Agnischock, Daniel"]
[Result "1-0"]
[WhiteElo "1105"]
[BlackElo "1057"]
[PlyCount "105"]
[EventDate "2004.09.18"]
[EventType "team-tourn"]
[EventRounds "11"]
[EventCountry "GER"]
[SourceTitle "EXT 2006"]
[Source "ChessBase"]
[SourceDate "2005.11.24"]
[SourceVersion "1"]
[SourceVersionDate "2005.11.24"]
[SourceQuality "1"]
[WhiteTeam "Steinfurt IV"]
[BlackTeam "Ibbenbueren III"]
[WhiteTeamCountry "GER"]
[BlackTeamCountry "GER"]

1. d4 d5 2. c4 Nf6 3. Nc3 e6 4. Bg5 Be7 5. e3 b6 6. Bxf6 Bxf6 7. cxd5 exd5 8. Bb5+ c6 9. Bd3 0-0 10. Nf3 Re8 11. 0-0 Bg4 12. h3 Bh5 13. Be2 Bg6 14. Bd3 Bxd3 15. Qxd3 Qe7 16. Rab1 h6 17. b4 Qb7 18. b5 Rd8 19. Rfe1 c5 20. a4 c4 21. Qf5 Qd7 22. Qxd7 Rxd7 23. Ne5 Rd6 24. Rbd1 Nd7 25. f4 Bh4 26. Rf1 Nxe5 27. dxe5 Rd7 28. Rxd5 Rad8 29. Rfd1 Rxd5 30. Rxd5 Rxd5 31. Nxd5 Kf8 32. Kf1 Be7 33. Ke2 Bc5 34. Kd2 Ke8 35. Kc3 Kd7 36. f5 Kd8 37. Kxc4 Kd7 38. g4 Kd8 39. h4 Ke8 40. g5 Kf8 41. f6 hxg5 42. hxg5 g6 43. a5 Ke8 44. axb6 axb6 45. Kd3 Kd7 46. Ke4 Ke6 47. Nf4+ Kd7 48. Kd3 Ke8 49. e6 Kf8 50. e7+ Ke8 51. Nd5 Bd6 52. Kd4 Bb8 53. Nxb6 1-0

[Event "Steinfurt Bezirksklasse 0405"]
[Site "Germany"]
[Date "2004.09.18"]
[Round "1.6"]
[White "Krueler, Sascha"]
[Black "Kroeger, Ralf"]
[Result "1/2-1/2"]
[WhiteElo "1105"]
[BlackElo "1361"]
[PlyCount "56"]
[EventDate "2004.09.18"]
[EventType "team-tourn"]
[EventRounds "11"]
[EventCountry "GER"]
[SourceTitle "EXT 2006"]
[Source "ChessBase"]
[SourceDate "2005.11.24"]
[SourceVersion "1"]
[SourceVersionDate "2005.11.24"]
[SourceQuality "1"]
[WhiteTeam "Steinfurt IV"]
[BlackTeam "Steinfurt III"]
[WhiteTeamCountry "GER"]
[BlackTeamCountry "GER"]

1. d4 d5 2. Nc3 Nf6 3. Bf4 Bf5 4. Nb5 Na6 5. e3 c6 6. Nc3 Nc7 7. Bd3 Bg6 8. Nf3 e6 9. a3 Bd6 10. Bxd6 Qxd6 11. Ne5 Nd7 12. Nxd7 Qxd7 13. Bxg6 fxg6 14. e4 0-0 15. e5 Qf7 16. f3 Qf4 17. Ne2 Qg5 18. Ng3 Qe3+ 19. Ne2 Qg5 20. Ng3 Rf7 21. Qd2 Qxd2+ 22. Kxd2 Rc8 23. Ne2 Na8 24. f4 Nb6 25. b3 Rfc7 26. Rac1 Kf7 27. h4 h5 28. Rhf1 Nd7 1/2-1/2

[Event "Steinfurt Bezirksklasse 0304"]
[Site "Germany"]
[Date "2004.05.15"]
[Round "10.6"]
[White "Krueler, Sascha"]
[Black "Schneider, Karl Heinz"]
[Result "0-1"]
[WhiteElo "921"]
[BlackElo "1399"]
[PlyCount "82"]
[EventDate "2003.09.27"]
[EventType "team-tourn"]
[EventRounds "11"]
[EventCountry "GER"]
[SourceTitle "EXT 2005"]
[Source "ChessBase"]
[SourceDate "2004.11.15"]
[SourceVersion "1"]
[SourceVersionDate "2004.11.15"]
[SourceQuality "1"]
[WhiteTeam "Steinfurt IV"]
[BlackTeam "Reckenfeld II"]
[WhiteTeamCountry "GER"]
[BlackTeamCountry "GER"]

1. d4 d5 2. Nc3 e6 3. Bf4 a6 4. Nf3 Be7 5. e3 Nf6 6. Bd3 Nh5 7. Ne2 h6 8. g4 Nxf4 9. Nxf4 Nc6 10. e4 Nb4 11. exd5 Nxd5 12. Nxd5 Qxd5 13. c3 Bd7 14. Qe2 Bc6 15. Rg1 Qxf3 16. Qxf3 Bxf3 17. Rg3 Bc6 18. 0-0-0 0-0-0 19. f4 Bd6 20. Rf1 Rhf8 21. h3 g5 22. Rgg1 Bxf4+ 23. Kc2 Rde8 24. Re1 Kb8 25. Be4 Bxe4+ 26. Rxe4 f5 27. gxf5 exf5 28. Rxe8+ Rxe8 29. Rh1 c6 30. b4 Re4 31. a4 b5 32. axb5 axb5 33. Kb3 Kb7 34. Ka3 Bd2 35. Kb3 Re3 36. Kc2 Bxc3 37. Kb1 Re1+ 38. Rxe1 Bxe1 39. Kc2 Bxb4 40. Kd3 Bd6 41. Kc3 f4 0-1

[Event "Steinfurt Bezirksklasse 0304"]
[Site "Germany"]
[Date "2004.03.20"]
[Round "8.6"]
[White "Bartsch, Ina"]
[Black "Krueler, Sascha"]
[Result "1-0"]
[WhiteElo "1157"]
[BlackElo "921"]
[PlyCount "101"]
[EventDate "2003.09.27"]
[EventType "team-tourn"]
[EventRounds "11"]
[EventCountry "GER"]
[SourceTitle "EXT 2005"]
[Source "ChessBase"]
[SourceDate "2004.11.15"]
[SourceVersion "1"]
[SourceVersionDate "2004.11.15"]
[SourceQuality "1"]
[WhiteTeam "Saerbeck Falke IV"]
[BlackTeam "Steinfurt IV"]
[WhiteTeamCountry "GER"]
[BlackTeamCountry "GER"]

1. e4 e5 2. Nf3 Nc6 3. Nc3 Bc5 4. Bc4 d6 5. d3 h6 6. h3 Nf6 7. Qe2 Nd4 8. Nxd4 Bxd4 9. Bd2 Qe7 10. Na4 Be6 11. Bxe6 Qxe6 12. c3 Bc5 13. Nxc5 dxc5 14. 0-0 b6 15. c4 a5 16. f4 exf4 17. Bxf4 Rc8 18. Rf2 0-0 19. Raf1 Nd7 20. Qh5 f6 21. Rf3 Ne5 22. Rg3 Qf7 23. Qxh6 Nxd3 24. Rff3 Ne1 25. Rf1 Nd3 26. Be3 Ne5 27. Rf5 g6 28. Rf4 Qh7 29. Qxh7+ Kxh7 30. Rh4+ Kg7 31. Bh6+ Kf7 32. Bxf8 Rxf8 33. Rh7+ Kg8 34. Rxc7 Rd8 35. Rb7 g5 36. Rxb6 Nxc4 37. Rxf6 Rd7 38. Rxg5+ Kh8 39. Rxc5 Nxb2 40. Rxa5 Nc4 41. Rd5 Re7 42. Rd4 Nb2 43. Rf5 Kg7 44. Rf2 Nd1 45. Rxd1 Rxe4 46. Ra1 Ra4 47. Rb2 Kf6 48. a3 Kg7 49. Rb4 Ra5 50. a4 Kf7 51. Rb5 1-0

[Event "Steinfurt Bezirksklasse 0304"]
[Site "Germany"]
[Date "2003.10.11"]
[Round "2.6"]
[White "Dieckmann, Stefan"]
[Black "Krueler, Sascha"]
[Result "1-0"]
[WhiteElo "1556"]
[BlackElo "921"]
[PlyCount "97"]
[EventDate "2003.09.27"]
[EventType "team-tourn"]
[EventRounds "11"]
[EventCountry "GER"]
[SourceTitle "EXT 2005"]
[Source "ChessBase"]
[SourceDate "2004.11.15"]
[SourceVersion "1"]
[SourceVersionDate "2004.11.15"]
[SourceQuality "1"]
[WhiteTeam "Saerbeck Falke III"]
[BlackTeam "Steinfurt IV"]
[WhiteTeamCountry "GER"]
[BlackTeamCountry "GER"]

1. c4 e5 2. Nc3 Nc6 3. g3 Bc5 4. Bg2 d6 5. Nf3 Nf6 6. d3 h6 7. 0-0 Bf5 8. e3 0-0 9. d4 exd4 10. exd4 Bb6 11. Be3 Re8 12. Nh4 Bg4 13. Qd2 Rb8 14. Rfe1 Qd7 15. Nd5 Nxd5 16. Bxd5 Ba5 17. Bxc6 Re7 18. Bxd7 Bxd2 19. Bxg4 Bxe1 20. Rxe1 c5 21. d5 Re4 22. Be2 a6 23. Bd3 Re7 24. Nf5 Ree8 25. Nxd6 Re7 26. Kf1 Rd7 27. Bxc5 b6 28. Ba3 Kh8 29. Bf5 Rc7 30. b3 a5 31. Nb5 Rcb7 32. d6 Rd8 33. d7 Rbb8 34. Be7 Rg8 35. d8Q Rgxd8 36. Bxd8 Rxd8 37. Nd6 Kg8 38. Re8+ Rxe8 39. Nxe8 Kf8 40. Nd6 g6 41. Be4 h5 42. Nc8 Ke8 43. Nxb6 Kd8 44. Bd5 Ke7 45. c5 Ke8 46. c6 Kd8 47. Na8 Kc8 48. c7 Kd7 49. Bb7 1-0